000 00674cam a2200193 a 4500
001 000018084
005 20200929165340.0
008 910130s1987 ag 000 0 spa
035 _a(DLC) 91111405
040 _aDO-SdBNP
_bspa
_cDLC
_dDLC
_dBNPHU
082 _aNN
_bB172d
100 1 _aBalbín, Ricardo,
_d1904-1981.
_939198
245 1 0 _aDiscursos políticos-parlamentarios /
_cRicardo Balbín ; recopilación y selección Carlos Alberto Giacobone.
260 _aBuenos Aires :
_bCongreso de la Nación,
_c1987.
300 _a178 p. ;
_c23 cm.
651 0 _aArgentina
_xPolitics And Government
_y1983-2002.
_939199
910 _aCatalogación por copia / LC
049 _aBNGR
999 _c17606
_d17606